| 000 | 00573nad a2200181 a 4500 | ||
|---|---|---|---|
| 020 | _a0520050819 | ||
| 040 | _cMiU | ||
| 082 | _a959 UNI 1981 A101 Or. | ||
| 100 | 1 | _aMarr, David G. | |
| 245 | 1 | 0 | _aVietnamese tradition on trial, 1920-1945 |
| 260 |
_aBerkeley : _bUniversity of California Press, _c1984, c1981. |
||
| 300 |
_axi, 468 p. : _bill. ; _c24 cm. |
||
| 650 | 0 | _aIntellectuals | |
| 650 | 0 | _aNationalism | |
| 710 | 2 | _aAmerican Council of Learned Societies. | |
| 856 | 4 | 0 | _uhttp://metlibrary.idm.oclc.org/login?url=http://hdl.handle.net/2027/heb.02463 |
| 942 | _cEK | ||
| 999 |
_c12834 _d12834 |
||